LDR 00822naa#a2200205#i#450# 001 EN\\bibl\121390 005 20260428112145.2 011 ## _a1994-4683 100 ## _a20230531b2023####ek#y0engy0150####ca 102 ## _aRU 200 1# _aANALYSIS OF EDUCATIONAL MATERIAL ON MOBILE AND SPORTS GAMES PRESENTED IN EXEMPLARY PHYSICAL EDUCATION PROGRAMS APPROVED BY THE FEDERAL EDUCATIONAL AND METHODOLOGICAL ASSOCIATION _eJournal article 210 1# _aMoscow _cNational State University of Physical Education, Sports and Health named after P.F. Lesgaft _d2023 215 ## _a7 с. 608 ## _aJournal article _2local 675 ## _aОрганизация учебного процесса в общеобразовательной школе. 373.1 _z 700 #1 _a _g 700 #1 _a _g 700 #1 _a _g 700 #1 _a _g 856 4# _auchzapiski.lesgaft.spb.ru _u